000 00610nam a2200217 a 4500
001 000020215
005 20200929170321.0
008 100514s1974 sp 000 f spa d
040 _aDO-SdBNP
_bspa
_cBNPHU
082 _a843.8
_bV531mig
100 1 _aVerne, Jules,
_d1828-1905
_913574
245 1 0 _aMiguel Strogoff /
_cJulio Verne.
260 _aMadrid :
_bRamón Sopena,
_c1974.
300 _a390 p. ;
_c19 cm.
490 1 _aBiblioteca Sopena
_v423
650 4 _aNovela francesa
_91075
650 4 _aLiteratura francesa
_91074
830 0 _aBiblioteca Sopena ;
_v49
_912815
910 _aWM
049 _aBNGR
999 _c19720
_d19720